An introduction to infinite dimensional dynamical systems - geometric theory

Uloženo v:
Podrobná bibliografie
Hlavní autoři: Hale, Jack K (Autor), Magalhaes, Luis T (Autor), Oliva, Waldyr Muniz (Autor)
Médium: Kniha
Jazyk:angličtina
Vydáno: Nueva York Springer-Verlag 1984
Edice:Applied Mathematical Sciences, 47
Témata:
Tagy: Přidat tag
Žádné tagy, Buďte první, kdo vytvoří štítek k tomuto záznamu!

MARC

LEADER 00000nam a2200000 a 4500
001 UCP1389
003 CL-VaPUC
008 990409e19840000US |||||||||||||||||eng|d
082 0 4 |a 515.35  |b HAL  |2 21 
100 |a Hale, Jack K  |e author  |9 427413 
700 0 |a Magalhaes, Luis T  |e author  |9 427414 
700 |a Oliva, Waldyr Muniz   |e author  |9 427415 
245 1 3 |a An introduction to infinite dimensional dynamical systems - geometric theory 
300 |a 195 p 
942 |c BK 
945 |d 19990409 00:00:00  |a crobeson 
260 |a Nueva York  |b Springer-Verlag  |c 1984 
650 0 |a Sistemas dinámicos   |9 260496 
650 0 |a Ecuaciones diferenciales  |9 260083 
650 7 |a MULTIFORMES  |2 CL-VaPUC  |9 424011 
583 |a last modification  |c 19990409 00:00:00  |k Rodrigo Vera 
490 0 |a Applied Mathematical Sciences, 47 
999 |c 280070  |d 280068 
952 |0 0  |1 0  |4 0  |6 515_350000000000000_HAL_1984  |7 0  |8 A  |9 320066  |a BIBMAT  |b BIBMAT  |d 2019-11-20  |i 1340336  |o 515.35 HAL 1984  |p 1340336  |r 2025-01-07  |w 2019-11-20  |y BK  |k MAT 
952 |0 0  |1 0  |4 0  |6 515_350000000000000_HAL_1984  |7 0  |8 A  |9 320067  |a BIBMAT  |b BIBMAT  |d 2019-11-20  |i 1340344  |o 515.35 HAL 1984  |p 1340344  |r 2025-01-07  |w 2019-11-20  |y BK  |k MAT